000 00706cam a22002053a 4500
001 38827
003 PGUSA
005 20140828083845.0
008 120211s2012||||xxu|||||s|||||000 | eng d
040 _aPGUSA
_beng
042 _adc
100 1 _aBird, Isabella L.
_q(Isabella Lucy),
_d1831-1904
245 1 0 _aJourneys in Persia and Kurdistan, Volume I (of 2) :
_bIncluding a Summer in the Upper Karun Region and a Visit to the Nestorian Rayahs
_h[electronic resource] /
_cIsabella L. Bird
260 _bProject Gutenberg,
_c2012
506 _aPublic domain in the USA.
516 _aElectronic text
830 0 _aProject Gutenberg
_v38827
856 4 0 _uhttp://www.gutenberg.org/ebooks/38827
942 _cEB
999 _c268081
_d268081